Loading...
| History - Other | 0 | 6 | 0 | 1 | 60 | 39 | 80.83 | 0 | 2 | 0.00 | 0.00 |
| Social Science | 0 | 5 | 0 | 0 | 50 | 62 | 79.40 | 0 | 1 | 0.00 | 0.00 |
| History - European | 0 | 4 | 0 | 0 | 40 | 20 | 49.50 | 0 | 2 | 0.00 | 0.00 |
| Religion | 0 | 4 | 0 | 0 | 40 | 58 | 74.75 | 1 | 2 | 0.00 | 0.00 |
| Current Events | 0 | 3 | 0 | 1 | 30 | 40 | 74.00 | 1 | 1 | 0.00 | 0.00 |
| Fine Arts - Other | 0 | 3 | 0 | 2 | 30 | 63 | 75.67 | 0 | 2 | 0.00 | 0.00 |
| History - American | 0 | 3 | 0 | 0 | 30 | 43 | 52.67 | 0 | 1 | 0.00 | 0.00 |
| Literature - American | 0 | 3 | 0 | 1 | 30 | 62 | 80.67 | 0 | 0 | 0.00 | 0.00 |
| Literature - World | 0 | 3 | 0 | 0 | 30 | 53 | 72.33 | 0 | 1 | 0.00 | 0.00 |
| Painting/Sculpture | 0 | 3 | 1 | 1 | 25 | 64 | 91.00 | 0 | 0 | 0.00 | 0.00 |
| Science - Other | 0 | 2 | 0 | 1 | 20 | 70 | 83.50 | 0 | 0 | 0.00 | 0.00 |
| Philosophy | 0 | 2 | 0 | 1 | 20 | 61 | 85.00 | 0 | 0 | 0.00 | 0.00 |
| History - World | 0 | 2 | 0 | 0 | 20 | 43 | 44.00 | 0 | 2 | 0.00 | 0.00 |
| Literature - British | 0 | 2 | 0 | 0 | 20 | 30 | 56.50 | 0 | 1 | 0.00 | 0.00 |
| Pop Culture | 0 | 2 | 1 | 0 | 15 | 36 | 61.00 | 0 | 1 | 0.00 | 0.00 |
| Geography | 0 | 2 | 1 | 1 | 15 | 95 | 107.00 | 0 | 1 | 0.00 | 0.00 |
| Mythology | 0 | 2 | 1 | 0 | 15 | 52 | 63.00 | 0 | 0 | 0.00 | 0.00 |
| Fine Arts - Classical Music | 0 | 1 | 0 | 0 | 10 | 93 | 93.00 | 0 | 0 | 0.00 | 0.00 |
| Literature - European | 0 | 1 | 0 | 0 | 10 | 113 | 113.00 | 0 | 1 | 0.00 | 0.00 |
| Science - Chemistry | 0 | 0 | 1 | 0 | -5 | 0.00 | 0 | 0 | 0.00 | 0.00 |